Central Library OPAC University of Rajshahi

Contributions to mathematical logic : (Record no. 30040)

MARC details
000 -LEADER
fixed length control field 01365cam a22003251 4500
001 - CONTROL NUMBER
control field 30040
003 - CONTROL NUMBER IDENTIFIER
rucl marc code BD-RjUL
005 - DATE AND TIME OF LATEST TRANSACTION
control field 20211209051512.0
008 - FIXED-LENGTH DATA ELEMENTS--GENERAL INFORMATION
fixed length control field 140408s1968 ne b 100 0 eng
035 ## - SYSTEM CONTROL NUMBER
System control number (BD-RjUL)30125
System control number (OCoLC)526303
040 ## - CATALOGING SOURCE
Original cataloging agency DLC
Transcribing agency ICU
Modifying agency DLC
Language of cataloging eng
041 ## - LANGUAGE CODE
Language code of text/sound track or separate title eng
082 0# - DEWEY DECIMAL CLASSIFICATION NUMBER
Classification number 164
Author mark and year CON 1968
111 2# - MAIN ENTRY--MEETING NAME
Meeting name or jurisdiction name as entry element Logic Colloquium
Number of part/section/meeting (11th :
Date of meeting 1966 :
Location of meeting Hannover, Germany)
9 (RLIN) 91378
245 10 - TITLE STATEMENT
Title Contributions to mathematical logic :
Remainder of title Proceedings of the Logic Colloquium, Hannover 1966 /
Statement of responsibility, etc. Edited by H. Arnold Schmidt, K. Schütte [and] H.J. Thiele.
260 ## - PUBLICATION, DISTRIBUTION, ETC. (IMPRINT)
Place of publication, distribution, etc. Amsterdam :
Name of publisher, distributor, etc. North-Holland,
Date of publication, distribution, etc. 1968.
300 ## - PHYSICAL DESCRIPTION
Pagination ix, 303 p. ;
Size 23 cm.
500 ## - GENERAL NOTE
General note Sponsored by the Division of Logic, Methodology and Philosophy of Science of the International Union for the History and Philosophy of Science.
504 ## - BIBLIOGRAPHY, ETC. NOTE
Bibliography, etc Includes bibliographies.
650 #0 - SUBJECT ADDED ENTRY--TOPICAL TERM
Topical term or geographic name as entry element Logic, Symbolic and mathematical.
9 (RLIN) 91371
700 1# - ADDED ENTRY--PERSONAL NAME
Personal name Schmidt, H. Arnold,
Relator term ed.
Personal name Schütte, K.
Fuller form of name (Kurt)
Relator term ed.
Personal name Thiele, H. J.
Fuller form of name (Helmut J.)
Relator term ed.
710 2# - ADDED ENTRY--CORPORATE NAME
Corporate name or jurisdiction name as entry element International Union of the History and Philosophy of Science.
Subordinate unit Division of Logic, Methodology and Philosophy of Science.
9 (RLIN) 5759
942 ## - ADDED ENTRY ELEMENTS (KOHA)
Source of classification or shelving scheme Dewey Decimal Classification
Koha item type Books
Holdings
Lost status Source of classification or shelving scheme Damaged status Not for loan Collection code Permanent Location Current Location Shelving location Date acquired Source of acquisition Cost, normal purchase price Total Checkouts Full call number Date last seen Copy number Koha item type
  Dewey Decimal Classification   Added to bundle Non-fiction Central Library, University of Rajshahi Central Library, University of Rajshahi Reading Room 27/07/1971 zeithinger 140.00   164 CON 1968 08/04/2014 C-1 Books